| 000 | 00995 a2200205 4500 | ||
|---|---|---|---|
| 001 | 54946 | ||
| 005 | 20260407155824.0 | ||
| 008 | 260407a1964 arg spa d | ||
| 003 | AR-UNSa-BCEJYS | ||
| 040 |
_aAR-UNSa-BCEJYS _bspa _cAR-UNSa-BCEJYS |
||
| 080 |
_a94:33 _xHistoria económica |
||
| 245 | 1 | 0 |
_aEl significado del siglo XX _pLa gran transición |
| 264 | 1 |
_aMéxico : _bUnión Tipográfica Editorial Hispano-Americana (UTEHA) _c1964 |
|
| 300 |
_a204 p. _c17 cm. |
||
| 505 | _aI. La gran transición - II. La ciencia como base de la gran transición - III. La importancia de las ciencias sociales - IV. La trampa de la guerra - V. El desarrollo económico: La difícil iniciación - VI. La trampa del aumento de población - VII. La trampa de la entropía - VIII. El papel de la ideología en la gran transición - IX. Una estrategia para la transición | ||
| 942 | _cBK | ||
| 590 | _aniveau_biblio:m niveau_hierar:0 | ||
| 100 | 1 | _aBoulding, Kenneth E. | |
| 700 | 1 | _aNavarro R., Francisco | |
| 999 |
_c5833 _d5833 |
||